000 00657nam a2200253Ia 4500
003 OSt
005 20220928114734.0
006 a|||||r|||| 00| 0
007 ta
008 220927b |||||||| |||| 00| 0 eng d
024 _a40007
037 _cTextual
040 _aSDCL
_cSDCL
_beng
041 _2eng
_aeng
082 _aS:796, M7
100 _aDusek Dorothy E
245 0 _aDrugs
_b A factual account.
250 _a4
260 _aNew Delhi
_bAsian Books
_c1987
300 _ax,245p.
_ccm.
700 _a Girdano Daniel A
942 _hS:796, M7
_cTEXL
_2CC
999 _c756226
_d756226